00443nam a2200121Ia 4500008004100000020001800041082002300059110007300082245004200155260006200197300001100259651005100270120622s9999 xx 000 0 und d a970-13-0740-2 a320.972 M611p 1995 aMéxico. Presidente ( 1994-2000 : Zedillo Ponce de León, Ernesto) aPlan nacional de desarrollo 1995-2000 aMéxico : Secretaría de Hacienda y Crédito Público a177 p. a1. MEXICO - POLITICA Y GOBIERNO - 1994-2000Ì